000 00752cab a2200217 4500
001 WB2533-14
008 090401t1989 xxu||||| |||| 00| 0 eng d
035 _a(Sirsi) u23865
041 _aeng
245 _aPlanning gain package for Ealing
260 _c1989
350 _a0
490 _aPlanning (for the Natural and Built Environment)
_vno 832, 18/8/89 p40
520 _aReviews details of a community benefits package agreed between Ealing LBC and R H Newman Developments Ltd. for redevelopment of the former Walls Factory site in Southall.
650 _aPLANNING GAIN
650 _aSECTION 52 AGREEMENTS
650 _aTOWN AND COUNTRY PLANNING ACT 1971 S52
690 _aPLANNING LAW AND PRACTICE
942 _n0
948 _c04/03/1997
999 _c15976
_d15976